000 00473nam a2200169Ia 4500
005 20250508154621.0
008 008 250505s9999 xx 000 0 eng d
037 _aReference
040 _aFEDL
_beng
_cFEDL
041 _aeng
_2eng
084 _a309.230954, IND
_qFEDL
245 0 _aFourth five year plan: A draft outline
245 0 _cIndia. Planning Commission
300 _aix,429p.
942 _cREF
_h309.230954, IND
999 _c1351237
_d1351237